How to Manage your Arts, Humanities and Social Science degree / (Record no. 16128)
[ view plain ]
| 000 -LEADER | |
|---|---|
| fixed length control field | 01391nam a22002417a 4500 |
| 008 - FIXED-LENGTH DATA ELEMENTS--GENERAL INFORMATION | |
| fixed length control field | 111010s2003 enk|||||r|||| 001 0 eng d |
| 020 ## - INTERNATIONAL STANDARD BOOK NUMBER | |
| International Standard Book Number | 140390054X |
| 020 ## - INTERNATIONAL STANDARD BOOK NUMBER | |
| International Standard Book Number | 9781403900548 |
| 082 ## - DEWEY DECIMAL CLASSIFICATION NUMBER | |
| Edition number | 22 |
| Classification number | 378.17 |
| Item number | BEC |
| 100 ## - MAIN ENTRY--PERSONAL NAME | |
| 9 (RLIN) | 27482 |
| Personal name | Becker, Lucinda |
| 245 ## - TITLE STATEMENT | |
| Title | How to Manage your Arts, Humanities and Social Science degree / |
| Statement of responsibility, etc | Lucinda Becker. |
| 260 ## - PUBLICATION, DISTRIBUTION, ETC. (IMPRINT) | |
| Place of publication, distribution, etc | Basingstoke : |
| Name of publisher, distributor, etc | Palgrave Macmillan, 2003. |
| Date of publication, distribution, etc | 2003 |
| 300 ## - PHYSICAL DESCRIPTION | |
| Extent | vii, 174p ; |
| Dimensions | 22 cm. |
| 490 ## - Series Statement | |
| -- | 20971 |
| Series statement | Palgrave study guides |
| 504 ## - BIBLIOGRAPHY, ETC. NOTE | |
| Bibliography, etc | Includes bibliographical references and index |
| 653 ## - INDEX TERM--UNCONTROLLED | |
| Resource For college | |
| Arrived date list | October2011 |
| 942 ## - ADDED ENTRY ELEMENTS (KOHA) | |
| Source of classification or shelving scheme | Dewey Decimal Classification |
| Item type | Book - Borrowing |
| Withdrawn status | Item status | Source of classification or shelving scheme | Damaged status | Not for loan | Vendor | Home library | Current library | Shelving location | Date acquired | Source of acquisition | Total Checkouts | Full call number | Barcode | Date last seen | Date last borrowed | Koha item type | Total Renewals |
|---|---|---|---|---|---|---|---|---|---|---|---|---|---|---|---|---|---|
| Dewey Decimal Classification | Baccah | Central Library | Central Library | First floor | 10/10/2011 | 1 | 378.17 BEC | 000025310 | 15/07/2025 | 10/02/2015 | Book - Borrowing | ||||||
| Dewey Decimal Classification | Baccah | Central Library | Central Library | First floor | 10/10/2011 | 3 | 378.17 BEC | 000025311 | 15/07/2025 | 19/10/2016 | Book - Borrowing | ||||||
| Dewey Decimal Classification | Baccah | Central Library | Central Library | First floor | 10/10/2011 | 1 | 378.17 BEC | 000025312 | 15/07/2025 | 18/06/2012 | Book - Borrowing | 1 | |||||
| Dewey Decimal Classification | Baccah | Central Library | Central Library | First floor | 10/10/2011 | 378.17 BEC | 000025313 | 15/07/2025 | Book - Borrowing | ||||||||
| Dewey Decimal Classification | Baccah | Central Library | Central Library | First floor | 10/10/2011 | 378.17 BEC | 000025314 | 15/07/2025 | Book - Borrowing |